00485nam a2200169Ia 4500001000700000003000500007008004100012010001100053040000900064082001600073100005500089245007300144260003000217300000800247650003100255650002900286Z_1631CHAP220113s1989 xx 000 0 und d a164718 cCHAP a636.3063 S4 aSeminario ovino caprino (1: 1989: La Habana, Cuba) aConferencias /cpor Ministerio de Agricultura. Area de Ganadería aLa Habana :bCIDA,c1989 a3 v aGanado cabríoxCongresos aGanado lanarxCongresos